00955 2200229 4500001002100000005001700021008004100038035002500079040001200104082001400116084001900130100001400149245023200163260006200395300003100457500013200488504002900620650003400649700001200683850001200695990001800707INLIS00000000000874520150803202335.0  a0010-081500000000183 aYOPDYOG 223a540.7 aSK 540.7 Sup P aSUPRIYADI aPengaruh penggunaan media VCD dan media OHP dalam pembelajaran kimia terhadap prestasi belajar konsep zat radioaktif dan penggunaan radioisotop siswa kelas II SMA Kolombo Sleman Yogyakarta tahun pelajaran 2004/2005c/ Supriyadi aYogyakartabUniversitas Islam Negeri Sunan Kalijagac2005 axii, 57 lembarc; 29,5 cm. aSkripsi Program Studi Pendidikan Kimia Jurusan Tadris MIPA Fakultas Tarbiyah Universitas Islam Negeri Sunan Kalijaga Yogyakarta aBibliografi : hlm. 56-57 aKimia -- Studi dan Pengajaran aSUKIMAN aYOPDYOG a47126-PD/A.15